| 000 | 00813cam a22002651 4500 | ||
|---|---|---|---|
| 001 | gs 65000491 | ||
| 003 | DLC | ||
| 005 | 20260227111418.0 | ||
| 008 | 810209s1939 fr b 000 0 fre c | ||
| 010 | _ags 65000491 | ||
| 035 | _a(OCoLC)7111588 | ||
| 040 |
_aU.S. Geol. Survey. Libr. _cTxU _dTxU _dDLC |
||
| 042 | _apremarc | ||
| 050 | 0 | 0 |
_aQE431 _b.D8 |
| 100 | 1 | _aDurand, Julien A. | |
| 245 | 1 | 0 |
_aNotes de pétrographie, _cpar J. Durand. |
| 260 |
_aParis, _c1939. |
||
| 300 |
_a81 p. _c25 cm. |
||
| 490 | 1 |
_aPublications du Bureau d'études géologiques et minières coloniales, _vno 14 |
|
| 504 | _aBibliography: p. [75]-81. | ||
| 650 | 0 | _aPetrology. | |
| 650 | 0 | _aIgneous rocks. | |
| 650 | 0 |
_aRocks _xAnalysis. |
|
| 810 | 2 |
_aBureau d'études géologiques et minières, Paris. _tPublications ; _vno 14. |
|
| 999 |
_c30146 _d30146 |
||